African religions and philosophy (Record no. 83807)
[ view plain ]
| 000 -LEADER | |
|---|---|
| fixed length control field | 00693nam a2200169 a 4500 |
| 008 - FIXED-LENGTH DATA ELEMENTS--GENERAL INFORMATION | |
| fixed length control field | 120416s1969 ||||||||||||||||| || u |
| 020 ## - INTERNATIONAL STANDARD BOOK NUMBER | |
| International Standard Book Number | 0435835904 |
| 050 ## - LIBRARY OF CONGRESS CALL NUMBER | |
| Classification number | BL 2400 Mbi |
| 100 ## - MAIN ENTRY--PERSONAL NAME | |
| Personal name | Mbiti, John S |
| 245 10 - TITLE STATEMENT | |
| Title | African religions and philosophy |
| 260 ## - PUBLICATION, DISTRIBUTION, ETC. | |
| Place of publication, distribution, etc. | London |
| Name of publisher, distributor, etc. | Heinemann |
| Date of publication, distribution, etc. | 1969 |
| 300 ## - PHYSICAL DESCRIPTION | |
| Extent | xiii, 290p. |
| 350 ## - | |
| -- | 0.00 |
| 650 ## - SUBJECT ADDED ENTRY--TOPICAL TERM | |
| Topical term or geographic name entry element | Philosophy, African |
| 995 ## - | |
| -- | MAIN LIBRARY OPEN ACCESS |
| -- | 0.00 |
| -- | 731723 |
| -- | CBU-MAIN LIBRARY (Kitwe) |
| -- | 2 |
| -- | 2.25 |
| -- | BL 2400 Mbi |
| -- | 2 |
| -- | AVAILABLE |
| -- | Jul 31, 2006 |
| -- | 029264 |
| -- | Main Library Open Access Collection |
| 995 ## - | |
| -- | BINDERY (DAMAGED) |
| -- | 0.00 |
| -- | 716255 |
| -- | CBU-MAIN LIBRARY (Kitwe) |
| -- | 1 |
| -- | 2.25 |
| -- | BL 2400 Mbi |
| -- | DAMAGED |
| -- | 001111 |
| -- | Main Library Open Access Collection |
| 999 ## - | |
| -- | 83807 |
| -- | 83807 |
| Withdrawn status | Lost status | Source of classification or shelving scheme | Damaged status | Not for loan | Permanent Location | Current Location | Shelving location | Date acquired | Total Checkouts | Full call number | Barcode | Date last seen | Copy number | Price effective from | Koha item type | Collection code |
|---|---|---|---|---|---|---|---|---|---|---|---|---|---|---|---|---|
| CBU-MAIN LIBRARY, KITWE. | CBU-MAIN LIBRARY, KITWE. | 01/08/2024 | BL 2400 Mbi | 029264 | 01/08/2024 | 1 | 01/08/2024 | MONOGRAPH | ||||||||
| Damaged | CBU-MAIN LIBRARY, KITWE. | CBU-MAIN LIBRARY, KITWE. | 01/08/2024 | BL 2400 Mbi | 001111 | 01/08/2024 | 2 | 01/08/2024 | MONOGRAPH | BINDERY (DAMAGED) |